| 000 | 00655nam a2200229 a 4500 | ||
|---|---|---|---|
| 999 |
_c7830 _d7830 |
||
| 003 | PK-NaQUE | ||
| 005 | 20250107122323.0 | ||
| 008 | 250107b ||||| |||| 00| 0 eng d | ||
| 020 | _a0135000076 (hardcover) | ||
| 020 | _a9780135000076 (hardcover) | ||
| 040 | _cQUEST | ||
| 100 | 1 | _aFisk, Edward R. | |
| 245 | 1 | 0 | _aConstruction Project Administration/ |
| 250 | _a5th ed. | ||
| 260 | _c1997. | ||
| 300 | _a587 p. ; | ||
| 650 | _aConstruction industry--Management. | ||
| 650 | _aConstruction projects--Management. | ||
| 650 | _aBuilding--Superintendence. | ||
| 856 |
_uhttp://10.10.170.122:8080/browse/book/26232 _yeBook |
||
| 942 |
_cBK _2ddc |
||